000 00886nas a2200301 4500
001 BR2013004925
003 BR-BrBNA
005 20231205122523.0
007 ta
008 230509b bl.|||p| |||| 00| 00por d
040 _aBR-BrBNA
_bpor
_cBiblioteca Nacional de Agricultura
041 _a(Pt)
072 _aF03
100 1 _aCamara, C. de A.
100 1 _aAraújo Neto, J.C. de
100 1 _aFerreira, V.M.
100 1 _aResende, L. de P.
100 1 _aCosta, S.S. da
245 1 _aCaracterísticas morfométricas de frutos e sementes e germinação de Thespesia populnea
650 _aALGODÃO
650 _aMALVACEAE
650 _aSEMENTE
650 _aGERMINAÇÃO
650 _aDORMÊNCIA
773 0 _tBragantia (Brazil)
_xISSN 0006-8705
_g(Abr-Jun 2009), v. 68(2) p. 503-509
_wBR2013004925
909 _a202311
_bLúcia
_c55
_dLúcia Elande
942 _2AGRIS
_n0
_cANA
999 _c229088
_d229088